Statistics for Mountains by First Ascent

Click here to take the quiz!

General Stats

  • This quiz has been taken 9 times
  • The average score is 4 of 16

Answer Stats

First Ascent Answer % Correct
Hillary & TenzingMount Everest
100%
Lacadelli & CompagnoniK2
88%
Meyer & PurtschellerMount Kilimanjaro
25%
Stuck, Karstens, Harper & TatumDenali
25%
Mackinder, Ollier & BrocherelMount Kenya
13%
MacCarthy, Lambart, Carpe, Foster, Read, TaylorMount Logan
13%
ZurbriggenAconcagua
13%
Szczepański & WojsznisOjos Del Salado
13%
Grove, Gardner, Walker, Knubel & SottaievMount Elbrus
13%
Cockin, Holder, Woolley, Almer & RothDykh-Tau
13%
ClinchVinson Massif
13%
Harrer, Temple, Kippax & HuizengaPuncak Jaya
13%
Verstappen, Escher, Tissing, de Wijn & ter LaagPuncak Mandala
13%
Strzelecki / Indigenous AustraliansMount Kosciuszko
13%
Indigenous AustraliansMount Townsend
13%
Corbet, EvansMount Tyree
0%

Score Distribution

Percentile by Number Answered

Percent of People with Each Score

Your Score History

You have not taken this quiz